Responses for show #5690 - Friday, May 8, 2009

2009 College Championship quarterfinal game 5.

Contestants

[<< previous game]

Patrick Tucker, a senior from the University of Notre Dame

Ariella Goldstein, a junior from Muhlenberg College

Andrew Ceppos, a senior from Tufts University

[next game >>]

Jeopardy! Round responses

OLD FOLKS IN THEIR 30s
MOVIES & TV
A STATE OF COLLEGE-NESS
ANIMAL COLLECTIVE
I'D RATHER BE SKIING
PARLEZ VOUS?
    $200 6
Gwyneth Paltrow

Patrick
    $200 1
Jay Leno

Patrick
    $200 11
Texas

Patrick
    $200 16
a pride

Andrew
    $200 26
a bunny hill

Ariella
    $200 21
Southwest

Ariella
    $400 7
Meet the Press

Ariella
    $400 2
Finding Nemo

Andrew
    $400 12
Ohio

Ariella
    $400 17
pods

Patrick
    $400 27
powder

Patrick
    $400 22
a goose

Patrick
    $600 8
Linux

Patrick
    $600 3
Harrison Ford

Ariella
    $600 13
Illinois

Andrew
    $600 18
rhinoceroses

Ariella
    $600 28
Mammoth

Ariella
    $600 23
"I don't know"

Andrew
    $800 9
North Carolina

Patrick
    $800 4
Ron Burgundy

Andrew
    $800 14
Michigan

Patrick
    $800 19
a kennel

Patrick
    $1,200 29
a slalom

Ariella
    $800 24
now

Andrew
    $1000 10
PayPal

Andrew
    $1000 5
Battlestar Galactica

Patrick
    $1000 15
(Andrew: What is Georgia?)

Louisiana

AndrewPatrick
    $1000 20
crows

Patrick
    $1000 30
moguls

Triple Stumper
    $1000 25
eighth

Ariella

Scores at the first commercial break (after clue 15):

Andrew Ariella Patrick
$1,800 $1,400 $4,800

Scores at the end of the Jeopardy! Round:

Andrew Ariella Patrick
$3,400 $5,200 $7,800

Double Jeopardy! Round responses

AMERICAN AUTHORS
ALBUMS THAT ROCK
ANATOMY
MATHEM-ATTACK!
NAME THE DECADE
WORD ORIGINS
    $400 6
Louisa May Alcott

Ariella
    $400 1
Coldplay

Andrew
    $400 14
the umbilical cord

Andrew
    $400 26
(Andrew: What is a square root?)

radical

Andrew
Triple Stumper
    $400 11
the 1990s

Andrew
    $400 18
devious

Patrick
    $800 7
Washington Irving

Ariella
    $800 2
Green Day

Andrew
    $800 15
(Ariella: What are bones?)

muscles

AndrewAriella
    $800 27
reflexive

Ariella
    $800 22
the 1940s

Patrick
    $800 19
Manhattan

Andrew
    $1200 8
John Cheever

Ariella
    $1200 3
Metallica

Andrew
    $1200 16
the tibia & fibula

Andrew
    $1200 28
a matrix

Andrew
    $1200 23
the 1950s

Patrick
    $4,800 20
(Andrew: What is east?)

north

Andrew
    $1600 9
(Andrew: Who is Frodo Baggins?)

(Truman) Capote

AndrewPatrick
    $1600 4
Foo Fighters

Andrew
    $1600 13
(Ariella: What is the pelvis?)
(Patrick: What is the back?)

your neck

AriellaPatrick
Triple Stumper
    $1600 29
-1

Patrick
    $1,800 12
(Alex: Yes, as a result of his 1984 novel.)

the 1980s

Andrew
    $1600 21
a polygraph

Patrick
    $2000 10
Philip Roth

Ariella
    $2000 5
(Alex: Hey, well done--and as a result, you're in the lead, but the rock albums are done now.)

The Rolling Stones

Andrew
    $2000 17
the cerebellum

Triple Stumper
    $2000 30
volume

Ariella
    $2000 24
the 1910s

Ariella
    $2000 25
cochlear

Patrick

Scores at the end of the Double Jeopardy! Round:

Andrew Ariella Patrick
$9,200 $12,000 $15,400

Final Jeopardy! Round responses

EUROPEAN HISTORY
(Alex: One of the most famous kings in British history.)
...
(Alex: [Revealing Andrew's response] Married Catherine, his older brother's wife.)
AndrewWho was Henry VIII?
$9,199
AriellaWho is Henry VIII?
$6,401
PatrickWho is Henry VIII?
$8,601
Henry VIII

Final scores:

Andrew Ariella Patrick
$18,399 $18,401 $24,001
3rd place: $5,000 if eliminated 2nd place: $5,000 if eliminated Automatic semifinalist

Game dynamics:

Coryat scores:

Andrew Ariella Patrick
$13,800 $11,600 $15,400
19 R
(including 1 DD),
4 W
(including 1 DD)
16 R
(including 1 DD),
2 W
20 R,
1 W

Combined Coryat: $40,800

The J! Archive is created by fans, for fans. The Jeopardy! game show and all elements thereof, including but not limited to copyright and trademark thereto, are the property of Jeopardy Productions, Inc. and are protected under law. This website is not affiliated with, sponsored by, or operated by Jeopardy Productions, Inc. Join the discussion at JBoard.tv.